LEADER 01425nam a2200337 a 4500 001 000000160008 003 CaOOAMICUS 005 20170406145219.0 008 170406s2017 it u000 u ita r 020 $a9788813362942* 032 $aLibriCat 040 $aPUL$bita 082 04$a346.45 100 1 $aZatti, Paolo.$0(OLS)http://pul/name/5978 245 10$aLineamenti di diritto privato /$cPaolo Zatti, Vittorio Colussi ; con la collaborazione di Arianna Fusaro. 250 $aSedicesima edizione. 260 $aPadova :$bCEDAM ;$aMilanofiori Assago :$bWolters Kluwer,$cİ2017. 300 $aXX, 1136 p. ;$c24 cm 500 $aInclude indici. 650 4$aDiritto privato$zItalia.$0(OLS)http://pul/subject/1235 700 1 $aFusaro, Arianna.$0(OLS)http://pul/name/84318 700 1 $aColussi, Vittorio.$0(OLS)http://pul/name/89062 850 $aPUL 852 $aPUL$W1$xSL Diritto e Scienze Sociali 3$y79$m346. 45 ZATPA 4$j183594$qDDC 21$B186799$CPULBib$Z2$F186799 $H129318 $81 941 1 $a9 996 $6020$a9788813362942*$9(OLS)http://pul/number/162392 996 $6082$a346.45$9(OLS)http://pul/classification/372 996 $6245$aLineamenti di diritto privato$9(OLS)http://pul/title/152321 996 $6260$aPadova :$bCEDAM$9(OLS)http://pul/publisher/48126 996 $6260$aMilanofiori Assago :$bWolters Kluwer$9(OLS)http://pul/publisher/81463 LEADER 01216nam a2200325 a 4500 001 000000158186 003 CaOOAMICUS 005 20170125122048.0 008 170125s2016 it u000 u ita r 020 $a978-88-5753-510-4* 032 $aLibriCat 040 $aPUL$bita 082 04$a111.8 100 1 $aFeyles, Martino.$0(OLS)http://pul/name/95665 245 10$aMargini dell'estetica /$cMartino Feyles. 260 $aMilano :$bMimesis,$cİ2016. 300 $a209 p. ;$c21 cm. 490 1 $aFilosofie ;$v440 500 $aInclude indice. 504 $aBibliografia p. [205]-209. 650 4$aEstetica$xCritica e interpretazione.$0(OLS)http://pul/subject/25285 830 0$aFilosofie (Mimesis) ;$v440.$0(OLS)http://pul/title/142788 850 $aPUL 852 $aPUL$W1$xSL Filosofia 3$y81$m111. 8 FEYMA 1$j181523$qDDC 21$B184664$CPULBib$Z2$F184664 $H128712 $81 941 1 $a9 996 $6020$a978-88-5753-510-4*$9(OLS)http://pul/number/161910 996 $6082$a111.8$9(OLS)http://pul/classification/2172 996 $6245$aMargini dell'estetica$9(OLS)http://pul/title/197802 996 $6260$aMilano :$bMimesis$9(OLS)http://pul/publisher/62763